000
00361nam a2200169Ia 4500
100
_a
Natarajan/Ananda R
650
_a
digitl design
942
_c
BK
366
_f
25
654
_a
digital design
245
_a
Digital design
260
_b
Prentice -Hall of India
_c
2015
082
_b
NAT
300
_a
755
546
_a
ENGLISH
_c
PAMPHALETS
999
_c
19857
_d
19857